| 000 | 01351nac a22002531u 4500 | ||
|---|---|---|---|
| 008 | 100517s2005 nyu|||||r|||| 001 0 eng d | ||
| 020 | _a1418020214 | ||
| 020 | _a9781418020217 | ||
| 082 | 0 | 0 |
_a610.14 _bDEN _222 |
| 100 |
_aDennerll, Jean Tannis _914039 |
||
| 245 | 1 | 0 |
_aMedical Terminology : _bA Programmed Systems Approach / _cJean Tannis Dennerll & Phyllis E. Davis |
| 250 | _a9th ed. | ||
| 260 |
_a Clifton Park, NY : _bThomson/ Delmar Learning, 2005 _c2005. |
||
| 300 |
_a615 p. : _bill. ; _c26 cm. + _e1 CD-ROM (4 3/4 in.) |
||
| 500 | _aIncludes indexes | ||
| 538 | _aSystem requirements for accompanying computer disks: Windows 3.1 or Windows 95. | ||
| 650 | 0 |
_aMedicine _xTerminology _xProgrammed instruction. _914040 |
|
| 650 | 0 |
_aNomenclature _vprogrammed instruction. _914041 |
|
| 700 | 1 |
_aDavis, Phyllis E. _914042 |
|
| 942 |
_cNRB _k610.14 DEN _2ddc |
||
| 999 |
_c1615 _d1615 |
||